书目信息 |
| 题名: |
化工原理(上)
|
|
| 作者: | 谭天恩 编著 | |
| 分册: | ||
| 出版信息: | 北京 化学工业出版社 1990.06 |
|
| 页数: | 356页 | |
| 开本: | 26cm | |
| 丛书名: | ||
| 单 册: | ||
| 中图分类: | TQ02-43 | |
| 科图分类: | ||
| 主题词: | 化工过程:物理过程 , 化工过程:物理化学过程 , 化工过程 | |
| 电子资源: | ||
| ISBN: | 7-5025-0717-5 | |
| 000 | 00652nam0 2200229 45 | |
| 001 | 0237600312 | |
| 005 | 2002041510263996 | |
| 010 | @a7-5025-0717-5@dRMB 30.00 | |
| 100 | @a20020415d1990 km y0chiy0120 ea | |
| 101 | 0 | @achi |
| 102 | @aCN@b110000 | |
| 200 | 1 | @a化工原理(上)@AHua Gong Yuan Li(Shang)@f谭天恩等编著@FTan Tian En Deng Bian Zhu |
| 205 | @a2版 | |
| 210 | @a北京@c化学工业出版社@d1990.06 | |
| 215 | @a356页@d26cm | |
| 606 | 0 | @a化工过程:物理过程 |
| 606 | 0 | @a化工过程:物理化学过程 |
| 606 | 0 | @a化工过程 |
| 690 | @aTQ02-43@v3 | |
| 701 | 0 | @a谭天恩@ATan Tian En@4编著 |
| 801 | 0 | @aCN@bPFT@c20020415 |
| 905 | @a安徽大学@dTQ02-43@eT120:1 | |
| 化工原理(上)/谭天恩等编著.-2版.-北京:化学工业出版社,1990.06 |
| 356页;26cm |
| ISBN 7-5025-0717-5:RMB 30.00 |
| ● |
| 相关链接 |
|
|
|
正题名:化工原理(上)
索取号:TQ02-43/T120:1
 
预约/预借
| 序号 | 登录号 | 条形码 | 馆藏地/架位号 | 状态 | 备注 |
| 1 | 353713 | 203537137 | 材料与化工学院资料室/ [索取号:TQ02-43/T120:1] | 在馆 | |
| 2 | 353714 | 203537146 | 自科库501/501自科库 137排8列1层/ [索取号:TQ02-43/T120:1] | 在馆 |